000 00457nam a22001697a 4500
003 OSt
005 20180130094158.0
008 180130b xxu||||| |||| 00| 0 fre d
040 _aLB-BrCRDP
082 _a370 T852e
100 _aJean Tronchère
245 _aEléments de Pédagogie
_bCycle élémentaire
260 _aParis
_bBourrelier-Education Libratrie Armand Colin
_c1972
300 _a223p
_c21cm
700 _aJacques Priouret
942 _2ddc
_cBK
999 _c18488
_d18488